[Event "5th IECC Playoff Prelim"]
[Site "Antalya TUR"]
[Date "2004.05.30"]
[Round "2"]
[White "Istratescu,A"]
[Black "Gurevich,M"]
[Result "1-0"]
[WhiteElo "2587"]
[BlackElo "2672"]
[EventDate "2004.05.30"]

1. d4 d5 2. c4 c6 3. Nf3 Nf6 4. e3 Bf5 5. Nc3 e6 6. Nh4 Bg6 7. Qb3 Qc7 8.
Bd2 Nbd7 9. Nxg6 hxg6 10. Rc1 Nb6 11. cxd5 exd5 12. h3 Qd7 13. Bd3 Bd6 14.
a4 Nc8 15. a5 a6 16. Na4 Qe7 17. O-O Na7 18. f3 Nb5 19. Nc5 O-O 20. Rfe1
Rfe8 21. Bb4 Nh5 22. Bf1 Qc7 23. f4 Ng3 24. Bd3 Re7 25. Qd1 Nf5 26. Qf3
Rae8 27. Bd2 Bxc5 28. dxc5 Re6 29. g4 Nh4 30. Qf2 Qe7 31. b4 g5 32. Kf1 Re4
33. Re2 f6 34. Rce1 Qc7 35. Qg3 Qe7 36. Kg1 Ng6 37. Bxe4 Qxe4 38. fxg5 fxg5
39. Rf2 Nh4 40. Ref1 Qd3 41. Kh2 Na3 42. e4 Qxg3+ 43. Kxg3 dxe4 44. Bxg5
Nf3 45. h4 Kh7 46. Re2 e3 47. Rc1 Nb5 48. Rce1 Re4 49. Rxe3 Rxb4 50. Re6
Nfd4 51. Rd6 Kg8 52. Rh1 1-0

[Event "5th IECC Playoff Bronze"]
[Site "Antalya TUR"]
[Date "2004.05.30"]
[Round "2"]
[White "Navara,D"]
[Black "Istratescu,A"]
[Result "0-1"]
[WhiteElo "2602"]
[BlackElo "2587"]
[EventDate "2004.05.30"]

1. c4 Nf6 2. Nc3 e6 3. e4 e5 4. Nf3 Nc6 5. d4 exd4 6. Nxd4 Bb4 7. f3 d6 8.
Be2 O-O 9. Be3 Bxc3+ 10. bxc3 Ne7 11. O-O Ng6 12. a4 a5 13. Qd2 Re8 14. Bf2
b6 15. Rfe1 Bb7 16. Nf5 Nd7 17. h4 Nc5 18. h5 Ne5 19. h6 g6 20. Bh4 f6 21.
Nd4 Nf7 22. Bd1 g5 23. Bg3 Nxh6 24. Bc2 Nf7 25. Kf2 Bc8 26. Rh1 h6 27. Rh5
Bd7 28. Rah1 Kg7 29. Bb1 Rh8 30. f4 Qe7 31. Qc2 gxf4 32. Bxf4 Rag8 33. Qd2
Kf8 34. Bxh6+ Nxh6 35. Rxh6 Rxh6 36. Rxh6 Qg7 37. Kf1 Qg5 38. Qxg5 fxg5 39.
Rh7 Rg7 40. Rh8+ Ke7 41. Bc2 Rf7+ 42. Nf5+ Kf6 43. Ke2 Bxa4 44. Bxa4 Nxa4
45. Kd3 Nc5+ 46. Kd4 Ke6 47. Rg8 a4 48. Rxg5 a3 49. Ke3 a2 50. Nd4+ Kd7 51.
Nc2 Rf1 52. Rg7+ Kc8 53. g4 Rc1 54. Kd4 0-1

[Event "5th IECC Playoff 5th"]
[Site "Antalya TUR"]
[Date "2004.05.30"]
[Round "4"]
[White "Navara,D"]
[Black "Miroshnichenko,E"]
[Result "0-1"]
[WhiteElo "2602"]
[BlackElo "2599"]
[EventDate "2004.05.30"]

1. e4 Nf6 2. e5 Nd5 3. d4 d6 4. Nf3 dxe5 5. Nxe5 Nd7 6. Nxf7 Kxf7 7. Qh5+
Ke6 8. g3 b5 9. a4 c6 10. Nc3 g6 11. Bh3+ Kf7 12. Qf3+ N7f6 13. Bxc8 Rxc8
14. axb5 cxb5 15. Rxa7 Nxc3 16. bxc3 Qd5 0-1